000 01214nam a22002537a 4500
003 OSt
005 20260506163604.0
008 260506b |||||||| |||| 00| 0 eng d
020 _a9789966757135
040 _aKenya National Library Service
082 _a940.416 WIL
100 _aWillson James G.
_eauthor
245 _aGuerrillas of Tsavo :
_bDiary of forgotten campaign British East Africa 1914-1916 /
_cJames G. Willison
300 _a356 pages :
_billustration, portraits, maps ;
_c30 cm
504 _aBibliographical references and index
520 _aGuerrillas of Tsavo portrays the actions of the German Schutztruppe, a force of just 15000 African and European troops under the remarkable leadership of colonel Paul von Lettow-Vorbeck ,who against all odds ,engaged a far superior empire and allied collective army of 300,000 troops from 21 different countries.
650 _aWorld war, 1914-1918-campaign
_vEast Africa
650 _aGuerrillas warfare
_vHistory
_y20th century
650 _aTsavo West national park (kenya)
_vHistory
650 _aBritish, East Africa
_vHIistory
_y1895-1920
942 _2ddc
_cBK
_n0
999 _c492521
_d492521